The 7 triggers to yes : (Record no. 14430)

MARC details
000 -LEADER
fixed length control field 01046nam a22002777a 4500
005 - DATE AND TIME OF LATEST TRANSACTION
control field 20080711111158.0
008 - FIXED-LENGTH DATA ELEMENTS--GENERAL INFORMATION
fixed length control field 080711t xxu||||| |||| 00| 0 eng d
010 ## - LIBRARY OF CONGRESS CONTROL NUMBER
LC control number ENG-90520
020 ## - INTERNATIONAL STANDARD BOOK NUMBER
International Standard Book Number 0070229546
Terms of availability 299.00
035 ## - SYSTEM CONTROL NUMBER
System control number EN-74053
037 ## - SOURCE OF ACQUISITION
Source of stock number/acquisition DBAD / PUB
040 ## - CATALOGING SOURCE
Original cataloging agency DPL
Language of cataloging EN
082 ## - DEWEY DECIMAL CLASSIFICATION NUMBER
Classification number 658.45
100 ## - MAIN ENTRY--PERSONAL NAME
Personal name Granger, Russell H.
245 ## - TITLE STATEMENT
Title The 7 triggers to yes :
Statement of responsibility, etc by Russell H. Granger
Remainder of title the new science behind influencing people's decisions /
246 ## - VARYING FORM OF TITLE
Title proper/short title Seven triggers to yes
260 ## - PUBLICATION, DISTRIBUTION, ETC. (IMPRINT)
Place of publication, distribution, etc New Delhi
Name of publisher, distributor, etc Tata McGraw-Hill Publishing
Date of publication, distribution, etc 2008
270 ## - ADDRESS
Address 7 West Patel Nagar
City New Delhi
Postal code 110008
300 ## - PHYSICAL DESCRIPTION
Extent xviii, 249p.
Dimensions 23cm.(pbk)
500 ## - GENERAL NOTE
General note Includes bibliographical references and index
650 ## - SUBJECT ADDED ENTRY--TOPICAL TERM
Topical term or geographic name as entry element Business communication
650 ## - SUBJECT ADDED ENTRY--TOPICAL TERM
Topical term or geographic name as entry element Persuation (Psychology)
650 ## - SUBJECT ADDED ENTRY--TOPICAL TERM
Topical term or geographic name as entry element Management
942 ## - ADDED ENTRY ELEMENTS (KOHA)
Source of classification or shelving scheme Dewey Decimal Classification
Koha item type English Books
Classification part 658.45
Call number suffix GRA
Holdings
Withdrawn status Lost status Damaged status Not for loan Collection code Home library Current library Date acquired Source of acquisition Cost, normal purchase price Total Checkouts Full call number Barcode Date last seen Copy number Cost, replacement price Price effective from Koha item type
      Not For Loan Non-fiction D.B.Act.Division D.B.Act.Division 11/07/2008 DBAD / PUB 299.00   658.45 GRA EN-74053 15/09/2008 1 299.00 15/09/2008 English Books

© Delhi Public Library
Hit Counter
free hit counter